[Event "Remembering Ruy Lopez"]
[Site "SchemingMind.com"]
[Date "2008.03.05"]
[Round "-"]
[White "iain"]
[Black "Philip"]
[Result "0-1"]
[WhiteCountry "USA"]
[BlackCountry "INT"]
[WhiteElo "1446"]
[WhiteRD "67"]
[BlackElo "1593"]
[BlackRD "88"]
[GameID "145068"]

1. e4 e5 2. Nf3 Nc6 3. Bb5 a6 4. Ba4 Bc5 5. O-O Nf6 6. d3 O-O 7. Nxe5 Nxe5 8. d4 Nf3+ 9. Qxf3 Bxd4 10. c3 Be5
11. Bf4 d6 12. Bxe5 dxe5 13. Rd1 Qe7 14. a3 Bg4 15. Qd3 Bxd1 16. Qxd1 Nxe4 17. Nd2 Rad8
0-1

[Event "Remembering Ruy Lopez"]
[Site "SchemingMind.com"]
[Date "2008.03.06"]
[Round "-"]
[White "jhobeck"]
[Black "Philip"]
[Result "0-1"]
[WhiteCountry "USA"]
[BlackCountry "INT"]
[WhiteElo "1281"]
[WhiteRD "69"]
[BlackElo "1605"]
[BlackRD "68"]
[GameID "145069"]

1. e4 e5 2. Nf3 Nc6 3. Bb5 a6 4. Ba4 Bc5 5. c3 Nge7 6. O-O O-O 7. d4 exd4 8. cxd4 Ba7 9. Ng5 Nxd4 10. Qh5 h6
11. Nh3 Ng6 12. Nc3 b5 13. Bd1 Qh4 14. Qxh4 Nxh4 15. Bh5 d6 16. Be3 Nc2 17. Rad1 Nxe3 18. e5 Nxd1 19. Nxd1 Bb7 20. e6 fxe6
0-1

[Event "Remembering Ruy Lopez"]
[Site "SchemingMind.com"]
[Date "2008.03.05"]
[Round "-"]
[White "Bacon"]
[Black "Philip"]
[Result "0-1"]
[WhiteCountry "BER"]
[BlackCountry "INT"]
[WhiteElo "1284"]
[WhiteRD "76"]
[BlackElo "1605"]
[BlackRD "68"]
[GameID "145070"]

1. e4 e5 2. Nf3 Nc6 3. Bb5 a6 4. Ba4 Nge7 5. O-O Ng6 6. h3 Bc5 7. c3 b5 8. Bb3 Na5 9. d4 Nxb3 10. Qxb3 exd4
11. cxd4 Bb6 12. Nc3 O-O 13. Nd5 Nh4 14. Nxb6 Nxf3+ 15. Qxf3 cxb6 16. e5 Rb8 17. Qf4 Bb7 18. Be3 f6 19. b4 a5 20. Bd2 fxe5
21. Qxe5 d6 22. Qxb5 Be4 23. f3 Bg6 24. bxa5 Rf5 25. Qc4+ Bf7 26. Qc6 b5 27. a3 Bc4 28. Rae1 Rf8 29. Bb4 Bxf1 30. Rxf1 Qf6
31. Bxd6 Qxd4+ 32. Kh1 Rf6 33. a6 Rxd6 34. Qc7 Ra8 35. a7 Rxa7 36. Qb8+ Rd8 37. Qxb5 Rxa3 38. Qe2 Qd5 39. Rd1 Qxd1+ 40. Qxd1 Rxd1+
41. Kh2 Raa1 42. Kg3 h5 43. Kh4 Ra5 44. g4 hxg4 45. Kxg4 Rg1+ 46. Kh4 g5+ 47. Kh5 Rg3 48. h4 g4+ 49. Kh6 gxf3 50. h5 Rh3
51. Kg6 Rhxh5 52. Kf6 Rae5 53. Kg6 Rhf5 54. Kh6 Kf7 55. Kh7 Rh5#
0-1

[Event "Remembering Ruy Lopez"]
[Site "SchemingMind.com"]
[Date "2008.03.10"]
[Round "-"]
[White "mmccaffe"]
[Black "Philip"]
[Result "0-1"]
[WhiteCountry "USA"]
[BlackCountry "INT"]
[WhiteElo "1630"]
[WhiteRD "50"]
[BlackElo "1605"]
[BlackRD "68"]
[GameID "145071"]

1. e4 e5 2. Nf3 Nc6 3. Bb5 a6 4. Ba4 Nf6 5. O-O Bc5 6. d4 exd4 7. c3 dxc3 8. Nxc3 O-O 9. Bg5 h6 10. Bh4 Be7
0-1

[Event "Remembering Ruy Lopez"]
[Site "SchemingMind.com"]
[Date "2008.03.07"]
[Round "-"]
[White "Brerrabbit"]
[Black "Philip"]
[Result "1-0"]
[WhiteCountry "SCO"]
[BlackCountry "INT"]
[WhiteElo "1480"]
[WhiteRD "64"]
[BlackElo "1605"]
[BlackRD "68"]
[GameID "145129"]

1. e4 e5 2. Nf3 Nc6 3. Bb5 a6 4. Ba4 Nf6 5. Bxc6 dxc6 6. Nc3 Bd6 7. d4 exd4 8. Nxd4 Bc5 9. e5 Ng4 10. Nde2 Bxf2+
11. Kf1 Qxd1+ 12. Nxd1 Bb6 13. Nf4 Nxe5 14. Be3 Nc4 15. Bxb6 cxb6 16. Kf2 O-O 17. Re1 Bf5 18. c3 Rfe8 19. Rxe8+ Rxe8 20. b3 Nd6
21. Ne3 Ne4+ 22. Kg1 Nxc3 23. Nxf5 Ne2+ 24. Nxe2 Rxe2 25. Rd1 h6 26. Rd8+ Kh7 27. Rd7 Rxa2 28. Rxf7 Kg6 29. Nd6 b5 30. Rxb7 Rb2
31. Rb6 Rxb3 32. Rxa6 b4 33. Rxc6 Rc3 34. Nc4+ Kh7 35. Kf2 b3 36. Ke2 Rc2+ 37. Kd1 Rxg2 38. Rb6 Rxh2 39. Rxb3 h5 40. Ke1 g5
41. Kf1 Rh4 42. Ne5 Re4 43. Nf3 g4 44. Ng5+
1-0

[Event "Remembering Ruy Lopez"]
[Site "SchemingMind.com"]
[Date "2008.03.07"]
[Round "-"]
[White "Brerrabbit"]
[Black "cnbcad"]
[Result "0-1"]
[WhiteCountry "SCO"]
[BlackCountry "USA"]
[WhiteElo "1480"]
[WhiteRD "64"]
[BlackElo "1635"]
[BlackRD "50"]
[GameID "145130"]

1. e4 e5 2. Nf3 Nc6 3. Bb5 a6 4. Ba4 b5 5. Bb3 h6 6. d4 d6 7. c3 Nf6 8. d5 Ne7 9. c4 bxc4 10. Bxc4 Nxe4
11. Nc3 Bf5 12. Nh4 Nxc3 13. bxc3 Nc8 14. Nxf5 Qf6 15. Bd3 e4 16. Bb2 Qxf5 17. Qe2 Be7 18. Bxe4 Qd7 19. O-O O-O 20. c4 Rb8
21. Rab1 Nb6 22. Rfe1 a5 23. Qc2 f5 24. Qc3 Bf6 25. Qh3 fxe4 26. Qxd7 Nxd7 27. Rxe4 Rxb2 28. Rbe1 Nc5 29. Rg4 Nd3 30. Re3 Rb1+
0-1

[Event "Remembering Ruy Lopez"]
[Site "SchemingMind.com"]
[Date "2008.03.07"]
[Round "-"]
[White "Brerrabbit"]
[Black "pardesi"]
[Result "1-0"]
[WhiteCountry "SCO"]
[BlackCountry "USA"]
[WhiteElo "1480"]
[WhiteRD "64"]
[BlackElo "1406"]
[BlackRD "59"]
[GameID "145131"]

1. e4 e5 2. Nf3 Nc6 3. Bb5 a6 4. Ba4 Nf6 5. Bxc6 dxc6 6. O-O Nxe4 7. d3 Nf6 8. Nxe5 Bd6 9. Re1 O-O 10. Nc3 Re8
11. d4 b5 12. Nxc6 Qd7 13. Rxe8+ Qxe8 14. Bg5
1-0

[Event "Remembering Ruy Lopez"]
[Site "SchemingMind.com"]
[Date "2008.03.06"]
[Round "-"]
[White "Brerrabbit"]
[Black "iain"]
[Result "1-0"]
[WhiteCountry "SCO"]
[BlackCountry "USA"]
[WhiteElo "1371"]
[WhiteRD "67"]
[BlackElo "1446"]
[BlackRD "67"]
[GameID "145132"]

1. e4 e5 2. Nf3 Nc6 3. Bb5 a6 4. Ba4 Nf6 5. Nc3 b5 6. Bb3 Bb4 7. O-O O-O 8. Ng5 Nd4 9. Nxf7 Rxf7 10. Bxf7+ Kxf7
11. Nd5 Bc5 12. b4 Ba7 13. c3 Nc6 14. Nxf6 gxf6 15. Qh5+ Ke7 16. Qxh7+ Ke6 17. Qf5+ Kf7 18. d4 d6 19. Qh7+ Ke6 20. Qg6 Ne7
21. Qg4+ Kf7 22. Qf3 d5 23. dxe5 dxe4 24. Qxf6+ Ke8 25. Qh8+ Kd7 26. Rd1+
1-0

[Event "Remembering Ruy Lopez"]
[Site "SchemingMind.com"]
[Date "2008.03.06"]
[Round "-"]
[White "Brerrabbit"]
[Black "jhobeck"]
[Result "1-0"]
[WhiteCountry "SCO"]
[BlackCountry "USA"]
[WhiteElo "1480"]
[WhiteRD "64"]
[BlackElo "1281"]
[BlackRD "69"]
[GameID "145133"]

1. e4 e5 2. Nf3 Nc6 3. Bb5 a6 4. Ba4 Nf6 5. Nc3 Bc5 6. Bxc6 bxc6 7. Nxe5 Bd6 8. d4 Bb4 9. O-O O-O 10. Bg5 d6
11. Nxc6 Qd7 12. d5 Ng4 13. Qf3 Bc5 14. Ne7+ Kh8 15. Nd1 Qb5 16. Ne3 Bd7 17. c4 Qxb2 18. h3 Ne5 19. Qf4 Rab8 20. Bf6 Nd3
21. Qf3 Qd4 22. Bxd4
1-0

[Event "Remembering Ruy Lopez"]
[Site "SchemingMind.com"]
[Date "2008.03.07"]
[Round "-"]
[White "Brerrabbit"]
[Black "Bacon"]
[Result "1-0"]
[WhiteCountry "SCO"]
[BlackCountry "BER"]
[WhiteElo "1464"]
[WhiteRD "62"]
[BlackElo "1266"]
[BlackRD "79"]
[GameID "145134"]

1. e4 e5 2. Nf3 Nc6 3. Bb5 a6 4. Ba4 b5 5. Bb3 a5 6. a4 b4 7. d4 d6 8. Bg5 f6 9. Bh4 g5 10. Bg3 g4
11. Nh4 Nxd4 12. c3 c5 13. Nd2 Be6 14. Bxe6 Qe7 15. Bd5 Rb8 16. cxd4 Bh6 17. Nf5 Bxd2+ 18. Qxd2 Qc7 19. O-O Ne7 20. Rac1 Nxd5
21. exd5 O-O 22. Qh6 Qd7 23. Ng7 Qxg7 24. Qxg7+ Kxg7 25. f3 gxf3 26. gxf3 Rbc8 27. h4 cxd4 28. Rxc8 Rxc8 29. f4 e4 30. f5 e3
31. Rd1 Rc2 32. b3 e2 33. Re1 Rc3 34. Kf2 d3 35. Bf4 d2 36. Bxd2 Rxb3 37. Rxe2 Ra3 38. Re7+ Kf8 39. Rb7 Rxa4 40. Bh6+ Ke8
41. Rb8+ Ke7 42. Bf8+ Kf7 43. Bxd6 Ra2+ 44. Ke3 Rb2 45. Rb7+ Ke8 46. Ra7 b3 47. Ba3 Ra2 48. Re7+ Kd8 49. Bc5 b2 50. Rb7 a4
51. d6 a3 52. d7 b1=Q 53. Rxb1 Kxd7 54. Bxa3 Rxa3+ 55. Kf4 Ra4+ 56. Kg3 h5 57. Rb7+ Kd6 58. Rh7 Rg4+ 59. Kh3 Ke5 60. Rxh5 Kf4
61. Rh8= Rg3+ 62. Kh2 Kf3 63. h5 Rg2+ 64. Kh3 Rg3+ 65. Kh4 Kf4 66. h6 Rg5 67. h7 Kxf5 68. Rg8 Rxg8 69. hxg8=Q Ke5 70. Qe8+ Kf4
71. Qg6
1-0

[Event "Remembering Ruy Lopez"]
[Site "SchemingMind.com"]
[Date "2008.03.07"]
[Round "-"]
[White "Brerrabbit"]
[Black "mmccaffe"]
[Result "1/2-1/2"]
[WhiteCountry "SCO"]
[BlackCountry "USA"]
[WhiteElo "1464"]
[WhiteRD "62"]
[BlackElo "1661"]
[BlackRD "51"]
[GameID "145135"]

1. e4 e5 2. Nf3 Nc6 3. Bb5 a6 4. Ba4 Nf6 5. O-O Be7 6. Re1 b5 7. Bb3 d6 8. d4 exd4 9. Nxd4 Nxd4 10. Qxd4 c5
11. Qe3 O-O 12. e5 dxe5 13. Qxe5 Bd6 14. Qe2 Re8 15. Qf3 Bg4 16. Qc3 Be5 17. Qxc5 Bxh2+ 18. Kxh2 Rxe1 19. Bd2 Rc8 20. Qb4 Re4
21. Bxf7+ Kxf7 22. Qb3+ Qd5 23. f3 Qxb3 24. axb3 Bxf3 25. gxf3 Re2+ 26. Kg3 Rxc2 27. Bb4 Rxb2 28. Nc3 h5 29. Nxe2 Rxe2 30. Rxa6 Rb2
31. Ra7+ Kg6 32. Bf8 Rxb3 33. Rxg7+ Kf5 34. Rf7 Re3=
1/2-1/2

[Event "Remembering Ruy Lopez"]
[Site "SchemingMind.com"]
[Date "2008.03.06"]
[Round "-"]
[White "Philip"]
[Black "Brerrabbit"]
[Result "1-0"]
[WhiteCountry "INT"]
[BlackCountry "SCO"]
[WhiteElo "1593"]
[WhiteRD "88"]
[BlackElo "1371"]
[BlackRD "67"]
[GameID "145136"]

1. e4 e5 2. Nf3 Nc6 3. Bb5 a6 4. Ba4 Nf6 5. O-O Nxe4 6. d3 Nc5 7. Bxc6 dxc6 8. Nxe5 Qf6 9. d4 Ne4 10. c3 c5
11. Ng4 Qe6 12. f3 Nd6 13. Re1 Be7 14. Rxe6 Bxe6 15. dxc5 Nf5 16. b4 O-O 17. Bf4 Rad8 18. Qc2 a5 19. Nd2 Rd7 20. Ne5 Rd5
21. c4 Rd4 22. Ne4 f6 23. Ng4 b5 24. bxa5 Rxc4 25. Qb2 Rd4 26. Qxb5 Rc4 27. Bxc7 Rc8 28. Bb6 h5 29. Ngf2 Nd4 30. Qa6 Nc6
31. Nd6 Rf8 32. Nxc4
1-0

[Event "Remembering Ruy Lopez"]
[Site "SchemingMind.com"]
[Date "2008.03.07"]
[Round "-"]
[White "cnbcad"]
[Black "Brerrabbit"]
[Result "1-0"]
[WhiteCountry "USA"]
[BlackCountry "SCO"]
[WhiteElo "1556"]
[WhiteRD "54"]
[BlackElo "1371"]
[BlackRD "67"]
[GameID "145137"]

1. e4 e5 2. Nf3 Nc6 3. Bb5 a6 4. Ba4 Nf6 5. Bxc6 bxc6 6. Nxe5 Nxe4 7. Qf3 f5 8. Qxf5 Nd6 9. Qh5+ g6 10. Nxg6 Rg8
11. Nh8+ Ke7 12. Qe5#
1-0

[Event "Remembering Ruy Lopez"]
[Site "SchemingMind.com"]
[Date "2008.03.06"]
[Round "-"]
[White "pardesi"]
[Black "Brerrabbit"]
[Result "0-1"]
[WhiteCountry "USA"]
[BlackCountry "SCO"]
[WhiteElo "1406"]
[WhiteRD "59"]
[BlackElo "1480"]
[BlackRD "64"]
[GameID "145138"]

1. e4 e5 2. Nf3 Nc6 3. Bb5 a6 4. Ba4 Nf6 5. O-O Nxe4 6. d4 Bd6 7. dxe5 Nxe5 8. Nxe5 Bxe5 9. Qg4 Ng5 10. f4 Bd4+
11. Kh1 Ne4 12. f5 Nf2+ 13. Rxf2 Bxf2 14. Qe2+ Qe7
0-1

[Event "Remembering Ruy Lopez"]
[Site "SchemingMind.com"]
[Date "2008.03.06"]
[Round "-"]
[White "iain"]
[Black "Brerrabbit"]
[Result "0-1"]
[WhiteCountry "USA"]
[BlackCountry "SCO"]
[WhiteElo "1446"]
[WhiteRD "67"]
[BlackElo "1371"]
[BlackRD "67"]
[GameID "145139"]

1. e4 e5 2. Nf3 Nc6 3. Bb5 a6 4. Ba4 Nf6 5. d3 d5 6. Nbd2 b5 7. Bb3 Nd4 8. Nxd4 exd4 9. O-O Ng4 10. Nf3 c6
11. Nxd4 Qd6 12. g3 Be7 13. Nf5 Bxf5 14. exf5 Bh4 15. Qxg4 Bf6 16. c3 O-O 17. d4 Rae8 18. Bd2 Re4 19. f4 c5 20. Qf3 c4
21. Bc2 Re7 22. b3 b4 23. cxb4 Bxd4+ 24. Kg2 Bxa1 25. Rxa1 Rfe8 26. Bd1 c3 27. Bxc3 Re3 28. Qg4 Rxc3 29. Bf3 Rc2+ 30. Kh3 d4
31. a4 Qxb4 32. f6 g6 33. f5 Qd2 34. Rh1 Re1 35. fxg6 hxg6 36. Qf4 Rxh1 37. Bxh1 Qxh2+ 38. Kg4 Qh5#
0-1

[Event "Remembering Ruy Lopez"]
[Site "SchemingMind.com"]
[Date "2008.03.08"]
[Round "-"]
[White "jhobeck"]
[Black "Brerrabbit"]
[Result "0-1"]
[WhiteCountry "USA"]
[BlackCountry "SCO"]
[WhiteElo "1281"]
[WhiteRD "69"]
[BlackElo "1480"]
[BlackRD "64"]
[GameID "145140"]

1. e4 e5 2. Nf3 Nc6 3. Bb5 a6 4. Ba4 Nf6 5. O-O Nxe4 6. d4 b5 7. Bb3 Nxd4 8. Bxf7+ Kxf7 9. Nxe5+ Ke8 10. Qxd4 Nd6
11. Nc3 Nf5 12. Bf4 Bb7 13. Qe4 Bxe4
0-1

[Event "Remembering Ruy Lopez"]
[Site "SchemingMind.com"]
[Date "2008.03.07"]
[Round "-"]
[White "Bacon"]
[Black "Brerrabbit"]
[Result "0-1"]
[WhiteCountry "BER"]
[BlackCountry "SCO"]
[WhiteElo "1285"]
[WhiteRD "82"]
[BlackElo "1371"]
[BlackRD "67"]
[GameID "145141"]

1. e4 e5 2. Nf3 Nc6 3. Bb5 a6 4. Ba4 Nf6 5. Bxc6 bxc6 6. O-O Qe7 7. Qe2 c5 8. h3 Bb7 9. c3 O-O-O 10. Na3 d5
11. exd5 Nxd5 12. Qxe5 Qd7 13. Ng5 Bd6 14. Qxg7 Rhg8 15. Qxf7 Rxg5 16. Qxd7+ Rxd7 17. d4 cxd4 18. cxd4 Nb4 19. Bxg5 Rg7 20. h4 h6
21. Bxh6 Rxg2+ 22. Kh1 Rxf2+ 23. Kg1 Rg2+ 24. Kh1 Rg6+ 25. Rf3 Bxf3#
0-1

[Event "Remembering Ruy Lopez"]
[Site "SchemingMind.com"]
[Date "2008.03.09"]
[Round "-"]
[White "mmccaffe"]
[Black "Brerrabbit"]
[Result "1-0"]
[WhiteCountry "USA"]
[BlackCountry "SCO"]
[WhiteElo "1661"]
[WhiteRD "51"]
[BlackElo "1464"]
[BlackRD "62"]
[GameID "145142"]

1. e4 e5 2. Nf3 Nc6 3. Bb5 a6 4. Ba4 Nf6 5. O-O Nxe4 6. Re1 Nc5 7. Bxc6 dxc6 8. Rxe5+ Be7 9. d4 Nd7 10. Re1 Nf6
11. Bg5 Bg4 12. c3 O-O 13. Bxf6 Bxf6 14. Nbd2 c5 15. dxc5 Qd5 16. Nb3 Qc6 17. h3 Bf5 18. Nfd4 Qd5 19. Nxf5 Qxf5 20. Qf3 Qxf3
21. gxf3 Rad8 22. Rad1 Rxd1 23. Rxd1 Re8 24. Kf1 b6 25. cxb6 cxb6 26. Nd4 Rd8 27. Ke2 Bh4 28. Rg1 Re8+ 29. Kf1 g5 30. Nf5 Rd8
31. Nxh4 Rd2 32. Rxg5+ Kf8 33. Rh5 Kg7 34. Re5 Kh6 35. Re2 Rd1+ 36. Kg2 Kh5 37. Nf5 Kg5 38. Ne3 Rd6 39. Nc2 b5 40. Nd4 f5
41. Re5 Rf6 42. Rxf5+
1-0

[Event "Remembering Ruy Lopez"]
[Site "SchemingMind.com"]
[Date "2008.03.17"]
[Round "-"]
[White "cnile"]
[Black "Philip"]
[Result "0-1"]
[WhiteCountry "SCO"]
[BlackCountry "INT"]
[WhiteElo "1465"]
[WhiteRD "66"]
[BlackElo "1605"]
[BlackRD "68"]
[GameID "146479"]

1. e4 e5 2. Nf3 Nc6 3. Bb5 a6 4. Ba4 Bc5 5. c3 Nge7 6. d4 exd4 7. cxd4 Bb6 8. Nc3 Ng6 9. O-O O-O 10. Bf4 Nxf4
11. Bb3 d6 12. h3 Nxh3+ 13. gxh3 Bxh3 14. Re1 Nxd4 15. Bc4 Qf6 16. Bf1 Nxf3+ 17. Kh1 Nxe1 18. Qxe1 Qf3+ 19. Kg1 Qg4+ 20. Kh2 Bxf1
21. Qxf1 Qh4+ 22. Kg1 f5 23. Qc4+ Rf7 24. Re1 Qxf2+ 25. Kh1 Qxe1+ 26. Kh2 f4 27. Nd5 Qg1+ 28. Kh3 Qg3#
0-1

[Event "Remembering Ruy Lopez"]
[Site "SchemingMind.com"]
[Date "2008.03.18"]
[Round "-"]
[White "cnile"]
[Black "cnbcad"]
[Result "0-1"]
[WhiteCountry "SCO"]
[BlackCountry "USA"]
[WhiteElo "1465"]
[WhiteRD "66"]
[BlackElo "1635"]
[BlackRD "50"]
[GameID "146480"]

1. e4 e5 2. Nf3 Nc6 3. Bb5 a6 4. Ba4 b5 5. Bb3 Bb7 6. c3 Nf6 7. O-O Be7 8. d3 Na5 9. Bc2 O-O 10. Nbd2 d5
11. Re1 dxe4 12. dxe4 Nc4 13. Nxc4 Qxd1 14. Rxd1 bxc4 15. Nxe5 Nxe4 16. Nxc4 Bc5 17. Ne3 Rfe8 18. Kf1 Rad8 19. Rxd8 Rxd8 20. Bxe4 Bxe4
21. b4 Bb6 22. c4 Bd4 23. b5 Bxa1 24. bxa6 f5 25. Nd5 c6
0-1

[Event "Remembering Ruy Lopez"]
[Site "SchemingMind.com"]
[Date "2008.03.17"]
[Round "-"]
[White "cnile"]
[Black "Brerrabbit"]
[Result "1-0"]
[WhiteCountry "SCO"]
[BlackCountry "SCO"]
[WhiteElo "1465"]
[WhiteRD "66"]
[BlackElo "1480"]
[BlackRD "64"]
[GameID "146481"]

1. e4 e5 2. Nf3 Nc6 3. Bb5 a6 4. Ba4 b5 5. Bb3 Nf6 6. Qe2 d5 7. exd5 Nxd5 8. d4 e4 9. Qxe4+ Be7 10. Bxd5 Bd7
11. Bxc6 Rb8 12. O-O Rb6 13. d5 O-O 14. Be3 Rb8 15. Ba7 Bxc6 16. dxc6 Ra8 17. Be3 Qd6 18. Nc3 b4 19. Rad1 Qf6 20. Nd5 Bd6
21. Bd4 Qe6 22. Qxe6 fxe6 23. Ne3 Rae8 24. Rfe1 e5 25. Nxe5 Bxe5 26. Bxe5 Rxe5 27. Nd5 Rxe1+ 28. Rxe1 Rd8 29. Nxc7 Rc8 30. Re8+ Rxe8
31. Nxe8 Kf7 32. Nc7 Ke7 33. Nxa6 Kd8 34. Nxb4 Kc7 35. g3
1-0

[Event "Remembering Ruy Lopez"]
[Site "SchemingMind.com"]
[Date "2008.03.17"]
[Round "-"]
[White "cnile"]
[Black "iain"]
[Result "1-0"]
[WhiteCountry "SCO"]
[BlackCountry "USA"]
[WhiteElo "1465"]
[WhiteRD "66"]
[BlackElo "1456"]
[BlackRD "65"]
[GameID "146483"]

1. e4 e5 2. Nf3 Nc6 3. Bb5 a6 4. Ba4 Nf6 5. O-O Be7 6. Re1 O-O 7. c3 b5 8. Bc2 Bb7 9. d4 d6 10. Bg5 h6
11. Bh4 exd4 12. cxd4 Re8 13. Nc3 Nb4 14. Bb1 d5 15. e5 Nd7 16. Bxe7 Qxe7 17. a3 Nc6 18. Qc2 g6 19. Ne2 Nd8 20. Ng3 Kg7
21. Nh5+ Kh7 22. Nf6+ Nxf6 23. Nh4 Rg8 24. Re3 Ng4 25. Nxg6 fxg6 26. Rg3 h5 27. h3 Qg5 28. hxg4 Kh6 29. gxh5 Qxh5 30. Rh3
1-0

[Event "Remembering Ruy Lopez"]
[Site "SchemingMind.com"]
[Date "2008.03.19"]
[Round "-"]
[White "cnile"]
[Black "jhobeck"]
[Result "1-0"]
[WhiteCountry "SCO"]
[BlackCountry "USA"]
[WhiteElo "1454"]
[WhiteRD "67"]
[BlackElo "1271"]
[BlackRD "75"]
[GameID "146484"]

1. e4 e5 2. Nf3 Nc6 3. Bb5 a6 4. Ba4 Nf6 5. O-O Nxe4 6. d4 b5 7. Bb3 d5 8. Re1 Be6 9. Nbd2 Bb4 10. c3 Be7
11. Nxe4 O-O 12. Neg5 Qd6 13. dxe5 Nxe5 14. Qc2 g6 15. Nxe5 Bf5 16. Qe2 Qc5 17. g4 d4 18. gxf5 dxc3 19. Nexf7 Qxf5 20. Nh6+ Kg7
21. Nxf5+ Rxf5 22. Qxe7+
1-0

[Event "Remembering Ruy Lopez"]
[Site "SchemingMind.com"]
[Date "2008.03.19"]
[Round "-"]
[White "cnile"]
[Black "Bacon"]
[Result "0-1"]
[WhiteCountry "SCO"]
[BlackCountry "BER"]
[WhiteElo "1465"]
[WhiteRD "66"]
[BlackElo "1284"]
[BlackRD "76"]
[GameID "146485"]

1. e4 e5 2. Nf3 Nc6 3. Bb5 a6 4. Ba4 b5 5. Bb3 Nh6 6. O-O Bc5 7. c3 O-O 8. Nxe5 Nxe5 9. d4 d6 10. dxc5 dxc5
11. Qh5 Nd3 12. Bxh6 gxh6 13. Qxh6 Qd6 14. Rd1 Qxh6 15. Rxd3 Qc1+ 16. Rd1 Qxb2 17. Nd2 Qxc3 18. Nf3 c4 19. Rac1 Qb2 20. Bc2 Qxa2
21. e5 Bg4 22. Rd4 Bxf3 23. gxf3 Qb2 24. Rg4+ Kh8 25. Rh4 Qxc1+ 26. Kg2 Qxc2
0-1

[Event "Remembering Ruy Lopez"]
[Site "SchemingMind.com"]
[Date "2008.03.18"]
[Round "-"]
[White "cnile"]
[Black "mmccaffe"]
[Result "1/2-1/2"]
[WhiteCountry "SCO"]
[BlackCountry "USA"]
[WhiteElo "1486"]
[WhiteRD "71"]
[BlackElo "1634"]
[BlackRD "50"]
[GameID "146486"]

1. e4 e5 2. Nf3 Nc6 3. Bb5 a6 4. Ba4 Nf6 5. d3 d6 6. h3 b5 7. Bb3 Be7 8. O-O O-O 9. c3 Na5 10. Bc2 Bb7
11. Nbd2 c5 12. Re1 Qc7 13. Nf1 Rfe8 14. Ng3 g6 15. h4 Bf8 16. Bg5 Bg7 17. Rc1 c4 18. d4 exd4 19. Nxd4 Nc6 20. Nf3 Ne5
21. h5 Rad8 22. hxg6 fxg6 23. Qe2 Nxf3+ 24. Qxf3 Rf8 25. Rcd1 Nxe4 26. Qe3 Nxg3 27. Qxg3 Bf6 28. Bh6 Bg7 29. Bg5 Rd7 30. Be4 d5
31. Qxc7 Rxc7 32. Bxd5+ Bxd5 33. Rxd5 Rcf7 34. Be3 Rf5 35. Rxf5 Rxf5=
1/2-1/2

[Event "Remembering Ruy Lopez"]
[Site "SchemingMind.com"]
[Date "2008.03.17"]
[Round "-"]
[White "Philip"]
[Black "cnile"]
[Result "1-0"]
[WhiteCountry "INT"]
[BlackCountry "SCO"]
[WhiteElo "1605"]
[WhiteRD "68"]
[BlackElo "1465"]
[BlackRD "66"]
[GameID "146487"]

1. e4 e5 2. Nf3 Nc6 3. Bb5 a6 4. Ba4 Nf6 5. d3 b5 6. Bb3 Be7 7. O-O O-O 8. Nc3 d6 9. h3 Bd7 10. Nd5 Qc8
11. Nxe7+ Nxe7 12. Ng5 Ng6 13. Nxf7 Qb8 14. Nxd6+ Kh8 15. Nf7+ Kg8 16. Nxe5+ Kh8 17. Nxd7 Nxd7 18. f4 Qb6+ 19. Kh1 Rae8 20. Qe2 Nf6
21. Be3 Qc6 22. a4 Nxe4 23. dxe4 Qxe4 24. axb5 Qxe3 25. Qxe3 Rxe3 26. f5 Ne5 27. bxa6 Ra8 28. f6 Ng6 29. fxg7+ Kxg7 30. Rf7+ Kh6
31. Rxc7 Re6 32. Bxe6 Rb8 33. a7 Ra8 34. Bd5
1-0

[Event "Remembering Ruy Lopez"]
[Site "SchemingMind.com"]
[Date "2008.03.17"]
[Round "-"]
[White "Brerrabbit"]
[Black "cnile"]
[Result "1-0"]
[WhiteCountry "SCO"]
[BlackCountry "SCO"]
[WhiteElo "1480"]
[WhiteRD "64"]
[BlackElo "1465"]
[BlackRD "66"]
[GameID "146489"]

1. e4 e5 2. Nf3 Nc6 3. Bb5 a6 4. Ba4 Nf6 5. Nc3 b5 6. Bb3 Be7 7. O-O O-O 8. d3 d6 9. d4 Bb7 10. d5 Nb8
11. Bg5 Nbd7 12. Qd2 h6 13. Bxh6 Nh7 14. Be3 Bc8 15. Rad1 Re8 16. Ne2 Ndf6 17. Ng3 Ng4 18. a4 Nxe3 19. Qxe3 Bg4 20. axb5 axb5
21. c4 bxc4 22. Bxc4 Nf6 23. h3 Bxh3 24. gxh3 Qd7 25. Ng5 Qxh3 26. Nxh3 Ra4 27. b3 Ng4 28. Qf3
1-0

[Event "Remembering Ruy Lopez"]
[Site "SchemingMind.com"]
[Date "2008.03.17"]
[Round "-"]
[White "iain"]
[Black "cnile"]
[Result "0-1"]
[WhiteCountry "USA"]
[BlackCountry "SCO"]
[WhiteElo "1456"]
[WhiteRD "65"]
[BlackElo "1465"]
[BlackRD "66"]
[GameID "146491"]

1. e4 e5 2. Nf3 Nc6 3. Bb5 a6 4. Ba4 Nf6 5. O-O Nxe4 6. Nxe5 Nxe5 7. Re1 Qh4 8. h3 Qxf2+ 9. Kh1 Ng3+ 10. Kh2 Qf4
11. Kg1 Bc5+ 12. Re3 Bxe3+ 13. dxe3 Qxa4 14. b3 Qe4 15. Nc3 Qg6 16. Nd5 O-O 17. Kh2 d6 18. Bd2 Ne4 19. c4 Qg3+ 20. Kg1 Bxh3
21. Qf1 Nxd2 22. Qe2 Nef3+ 23. Kh1 Qh2#
0-1

[Event "Remembering Ruy Lopez"]
[Site "SchemingMind.com"]
[Date "2008.03.19"]
[Round "-"]
[White "jhobeck"]
[Black "cnile"]
[Result "0-1"]
[WhiteCountry "USA"]
[BlackCountry "SCO"]
[WhiteElo "1281"]
[WhiteRD "69"]
[BlackElo "1465"]
[BlackRD "66"]
[GameID "146492"]

1. e4 e5 2. Nf3 Nc6 3. Bb5 a6 4. Ba4 d6 5. O-O Bg4 6. h3 h5 7. d3 b5 8. hxg4 hxg4 9. Bb3 gxf3 10. Qxf3 Qh4
11. Qxf7+ Kd8 12. Qxf8+ Kd7 13. Qxa8 Qh1#
0-1

[Event "Remembering Ruy Lopez"]
[Site "SchemingMind.com"]
[Date "2008.03.19"]
[Round "-"]
[White "Bacon"]
[Black "cnile"]
[Result "0-1"]
[WhiteCountry "BER"]
[BlackCountry "SCO"]
[WhiteElo "1266"]
[WhiteRD "79"]
[BlackElo "1454"]
[BlackRD "67"]
[GameID "146493"]

1. e4 e5 2. Nf3 Nc6 3. Bb5 a6 4. Ba4 d6 5. Bxc6+ bxc6 6. Nc3 Nf6 7. d4 exd4 8. Nxd4 d5 9. e5 Qe7 10. Nxc6 Qe6
11. Nb4 Bxb4 12. Bf4 O-O 13. O-O Bxc3 14. bxc3 Ne4 15. f3 Nxc3 16. Qd3 Nb5 17. Rad1 Qb6+ 18. Be3 d4 19. Bxd4 Nxd4 20. Qxd4 Qxd4+
21. Rxd4 Be6 22. c4 Rfd8 23. Rxd8+ Rxd8 24. Rc1 Rd2 25. h3 Rxa2 26. Kh2 a5 27. Rb1 g6 28. c5 Rc2 29. Rb5 a4 30. Ra5 Bb3
31. Ra7 Rxc5 32. Ra8+ Kg7 33. Re8 Be6 34. Ra8 Bb3 35. h4 Rxe5 36. f4 Re4 37. g3 c5 38. Kh3 h5 39. Ra5 c4 40. Kg2 Kh6
41. Kf3 Re6 42. Ra7 c3 43. Rxf7 Re3+ 44. Kxe3 Bxf7 45. Kd3 Kg7 46. Kxc3 Kf6 47. Kb4 Bb3 48. Ka3 Kf5 49. Kb4 Kg4 50. Ka3 Kxg3
0-1

[Event "Remembering Ruy Lopez"]
[Site "SchemingMind.com"]
[Date "2008.03.18"]
[Round "-"]
[White "mmccaffe"]
[Black "cnile"]
[Result "0-1"]
[WhiteCountry "USA"]
[BlackCountry "SCO"]
[WhiteElo "1634"]
[WhiteRD "50"]
[BlackElo "1486"]
[BlackRD "71"]
[GameID "146494"]

1. e4 e5 2. Nf3 Nc6 3. Bb5 a6 4. Ba4 d6 5. d4 b5 6. Bb3 exd4 7. O-O Bg4 8. h3 h5 9. Bd5 Ne5 10. Nbd2 Rb8
11. Nb3 Nxf3+ 12. gxf3 Qh4 13. fxg4 hxg4 14. Qxg4 Nf6 15. Bc6+ Kd8 16. Qxh4 Rxh4 17. Kg2 Be7 18. Nxd4 Rb6 19. Bg5 Rh5 20. Bxf6 Bxf6
21. e5 Rxe5 22. Nf3 Rh5 23. Be4 Bxb2 24. Rad1= Bc3 25. Rd5 Rxd5 26. Bxd5 f6 27. h4 c6 28. Be4 c5 29. Rd1 Be5 30. Nxe5 fxe5
31. Bd5 Ke7 32. c4 bxc4 33. Bxc4 Rb4 34. Bxa6 Ra4 35. Bc4 Rxc4 36. Ra1 Rxh4
0-1